Návšteva Talianska

Bibliographic Details
Main Author: Bardy, František (Author)
Other Authors: Černohorská, V. (Photographer)
Format: Article
Language:Slovak
PhysicalDescription:Fotogr.
Subjects:

MARC

LEADER 00000nab a2200000 ar4500
001 vtls008620436
003 SK-MaSNL
005 20260304052412.0
008 060206c2005 xo wr|p|||||||000 b|slo
038 |a PPPK 
040 |a PPPKCL  |b slo  |c PPPKCL  |e AACR2 
041 |a slo 
044 |a xo  |c SK 
080 |a 373.3  |x (083.9)  |2 1997 
080 |a 373.3:394.912  |x (4-191.2)  |2 1997 
080 |a 394.912  |2 1997 
100 1 |a Bardy, František  |4 aut  |9 432241 
245 1 0 |a Návšteva Talianska  |c Mgr. František Bardy ; snímka Mgr.V.Černohorská 
300 |b Fotogr. 
500 |a Výmena skúsenosti a prezentácia aktivít základných škôl Slovenska, Poľska, Nemecka, Veľkej Británie a Talianska v rámci projektu Sokrates-Commenius I 
610 2 7 |a Základná škola (Liptovská Teplička, Slovensko)  |2 pppkcl  |9 55545 
610 2 7 |a Sokrates-Comenius 1 (projekt)  |2 pppkcl  |9 105129 
650 0 7 |a základné školy  |2 pppkcl  |9 1280 
650 0 7 |a medzinárodné projekty  |2 pppkcl  |9 67215 
650 0 7 |a prezentácia  |2 pppkcl  |9 428364 
651 7 |a Liptovská Teplička (Slovensko)  |2 pppkcl  |9 20039 
651 7 |a Poprad (Slovensko : okres)  |2 pppkcl  |9 28675 
651 7 |a Taliansko  |2 pppkcl  |9 21019 
700 1 |a Černohorská, V.  |4 pht  |9 1061997 
773 0 |t Podtatranské noviny  |g Roč. XLVI, č. 45 (2005), s. 6 
852 |a PPPK  |b KIS3GCP 
958 |a SK  |2 pppkcl 
958 |a IT  |2 pppkcl 
999 |c 2708087  |d 2710017